| 000 | 00430nam a22001337a 4500 | ||
|---|---|---|---|
| 003 | SGT | ||
| 082 |
_a617.525 _bA12K |
||
| 100 | _aVIMANYU, KATARIA | ||
| 245 | _aASSESSMENT OF PRIMARY STABILITY IN IMMEDIATE VERSUS DELAYED IMPLANT PLACEMENT USING RESONANCE FREQUENCY ANALYSIS (RFA) - A SHORT TERM EVALUATION | ||
| 260 |
_aDELHI NCR _bSGT UNIVERSITY GURUGRAM _c2012 |
||
| 300 | _a1-74 | ||
| 650 | _aORAL SURGERY | ||
| 942 |
_2ddc _cTH |
||
| 999 |
_c16174 _d16174 |
||